[Event "Olimpiade 2014 - Open"]
[Site "Tromsø"]
[Date "11.08.2014"]
[Round "9.13"]
[Board "1"]
[White "Wojtaszek, Radoslaw"]
[Black "Pelletier, Yannick"]
[Result "1-0"]
[WhiteTitle "GM"]
[BlackTitle "GM"]
[WhiteElo "2735"]
[BlackElo "2578"]
[WhiteTeam "Poland"]
[BlackTeam "Switzerland"]
[WhiteFideId "1118358"]
[BlackFideId "1301837"]
[EventDate "2014.08.02"]

1. d4 e6 2. c4 Nf6 3. Nf3 d5 4. Nc3 dxc4 5. e4 Bb4 6. Bxc4 Nxe4 7. O-O Nf6 8.
Qa4+ Nc6 9. Bg5 Bxc3 10. bxc3 O-O 11. Rae1 Ne7 12. Qc2 b5 13. Bxb5 Bb7 14. Qd3
Nf5 15. Ne5 h6 16. Bc1 Nd6 17. Ba4 Qc8 18. Rd1 Rd8 19. Nc6 Re8 20. Qc2 Ba6 21.
Rfe1 Bb5 22. Bxb5 Nxb5 23. d5 Qb7 24. c4 Nd6 25. Bb2 Nd7 26. Qc3 Nf6 27. Qc2 Qa6
28. Bxf6 gxf6 29. c5 Nf5 30. dxe6 Rxe6 31. Rxe6 fxe6 32. Qe4 Re8 33. g4 1-0

[Event "Olimpiade 2014 - Open"]
[Site "Tromsø"]
[Date "11.08.2014"]
[Round "9.13"]
[Board "3"]
[White "Bartel, Mateusz"]
[Black "Georgiadis, Nico"]
[Result "1-0"]
[WhiteTitle "GM"]
[BlackTitle "IM"]
[WhiteElo "2640"]
[BlackElo "2448"]
[WhiteTeam "Poland"]
[BlackTeam "Switzerland"]
[WhiteFideId "1112635"]
[BlackFideId "1300113"]
[EventDate "2014.08.02"]

1. e4 e5 2. Nf3 Nc6 3. Bb5 Nf6 4. d3 Bc5 5. Bxc6 dxc6 6. Nbd2 Be6 7. O-O Nd7 8.
Nb3 Bxb3 9. axb3 O-O 10. Bg5 Be7 11. Be3 Re8 12. Kh1 a6 13. Qe1 Bc5 14. Nd2 Bxe3
15. Qxe3 Qe7 16. Nc4 b6 17. f4 a5 18. Qg3 exf4 19. Rxf4 Ne5 20. Raf1 Rf8 21. Ne3
h6 22. d4 Ng6 23. Nf5 Qe6 24. h4 h5 25. Qg5 Qe8 26. e5 f6 27. exf6 Rxf6 28. Ne7+
Qxe7 29. Rxf6 gxf6 30. Qxg6+ Qg7 31. Qxh5 Rf8 32. Rf4 Qh7 33. Qe2 Kh8 34. Kh2
Qf7 35. Qe4 Qd7 36. Qg6 Qg7 37. Rg4 Qxg6 38. Rxg6 Rd8 39. Rxf6 Rxd4 40. Kh3 c5
41. Rf2 c4 42. bxc4 Rxc4 43. g4 a4 44. h5 b5 45. Kh4 Kg7 46. Rd2 Rc5 47. c3 a3
48. bxa3 Rxc3 49. Rd7+ Kg8 50. h6 1-0

[Event "Olimpiade 2014 - Open"]
[Site "Tromsø"]
[Date "11.08.2014"]
[Round "9.13"]
[Board "4"]
[White "Kurmann, Oliver"]
[Black "Socko, Bartosz"]
[Result "1/2-1/2"]
[WhiteTitle "IM"]
[BlackTitle "GM"]
[WhiteElo "2423"]
[BlackElo "2612"]
[WhiteTeam "Switzerland"]
[BlackTeam "Poland"]
[WhiteFideId "1308173"]
[BlackFideId "1107038"]
[EventDate "2014.08.02"]

1. e4 c5 2. Nf3 Nc6 3. Nc3 e6 4. d4 cxd4 5. Nxd4 a6 6. Nxc6 bxc6 7. Bd3 d5 8.
O-O Nf6 9. Qe2 Be7 10. b3 Bb7 11. Bb2 O-O 12. Rad1 Qc7 13. Na4 dxe4 14. Bxe4
Nxe4 15. Qxe4 c5 16. Qe5 Qxe5 17. Bxe5 Bc6 18. Nb6 Rad8 19. f3 f6 20. Bc7 Rxd1
21. Rxd1 Kf7 22. Kf2 g5 23. Nc4 Rc8 24. Ba5 h5 25. Nd6+ Bxd6 26. Rxd6 Ke7 27.
Rd2 e5 28. c4 e4 29. fxe4 Bxe4 30. Ke3 f5 31. g3 Ke6 32. Rd8 Rxd8 33. Bxd8 Bb1
34. a3 Ba2 35. Bxg5 Bxb3 1/2-1/2

[Event "Olimpiade 2014 - Open"]
[Site "Tromsø"]
[Date "11.08.2014"]
[Round "9.14"]
[Board "1"]
[White "Al-Modiahki, Mohamad"]
[Black "Stefansson, Hannes"]
[Result "1/2-1/2"]
[WhiteTitle "GM"]
[BlackTitle "GM"]
[WhiteElo "2549"]
[BlackElo "2536"]
[WhiteTeam "Qatar"]
[BlackTeam "Iceland"]
[WhiteFideId "12100030"]
[BlackFideId "2300087"]
[EventDate "2014.08.02"]

1. e4 e5 2. Nf3 Nc6 3. Bb5 Nf6 4. d3 Bc5 5. Bxc6 dxc6 6. h3 Nd7 7. Nbd2 O-O 8.
Nc4 Re8 9. O-O Qf6 10. Be3 Bd6 11. Qd2 Nf8 12. Bg5 Qg6 13. Nh4 Qh5 14. g4 Bxg4
15. hxg4 Qxg4+ 16. Ng2 Ng6 17. f3 Qh3 18. Nxd6 cxd6 19. Kf2 Qe6 20. Nh4 f6 21.
Nxg6 fxg5 22. Qxg5 hxg6 23. Rg1 Kf7 24. Rg4 Rh8 25. Rag1 Rh2+ 26. Ke3 Rh6 27. b3
Rf8 28. Kd2 Ke8 29. Qe3 b6 30. R1g3 Rf6 31. Kc1 1/2-1/2

[Event "Olimpiade 2014 - Open"]
[Site "Tromsø"]
[Date "11.08.2014"]
[Round "9.14"]
[Board "2"]
[White "Gretarsson, Hjorvar Steinn"]
[Black "Al-Sayed, Mohammed"]
[Result "1/2-1/2"]
[WhiteTitle "GM"]
[BlackTitle "GM"]
[WhiteElo "2543"]
[BlackElo "2505"]
[WhiteTeam "Iceland"]
[BlackTeam "Qatar"]
[WhiteFideId "2302241"]
[BlackFideId "12100196"]
[EventDate "2014.08.02"]

1. d4 Nf6 2. c4 g6 3. Nc3 Bg7 4. e4 d6 5. Nf3 O-O 6. Be2 e5 7. O-O Nc6 8. d5 Ne7
9. Ne1 Nd7 10. Be3 f5 11. f3 f4 12. Bf2 g5 13. Rc1 Rf6 14. Nd3 Rh6 15. Re1 Nf6
16. h3 Qe8 17. Nb5 Qh5 18. Bf1 Rg6 19. Be2 Rh6 20. Bf1 Rg6 21. Be2 Rh6 22. Bf1
Rg6 23. Be2 1/2-1/2

[Event "Olimpiade 2014 - Open"]
[Site "Tromsø"]
[Date "11.08.2014"]
[Round "9.14"]
[Board "3"]
[White "Zhu, Chen"]
[Black "Thorhallsson, Throstur"]
[Result "1/2-1/2"]
[WhiteTitle "GM"]
[BlackTitle "GM"]
[WhiteElo "2461"]
[BlackElo "2426"]
[WhiteTeam "Qatar"]
[BlackTeam "Iceland"]
[WhiteFideId "8600546"]
[BlackFideId "2300109"]
[EventDate "2014.08.02"]

1. d4 d5 2. c4 c6 3. Nf3 Nf6 4. Nc3 e6 5. e3 Nbd7 6. Qc2 Bd6 7. Bd3 dxc4 8. Bxc4
O-O 9. O-O a6 10. Rd1 b5 11. Bf1 Qc7 12. e4 e5 13. g3 Re8 14. Bg2 Bb7 15. dxe5
Nxe5 16. Nd4 Bc5 17. Bg5 Qb6 18. Nb3 Be7 19. Be3 c5 20. h3 Nc4 21. Bf4 Bf8 22.
Nd2 Nxd2 23. Rxd2 c4 24. Be3 Bc5 25. Bxc5 Qxc5 26. Rad1 Rac8 27. a3 h5 28. Rd4
Bc6 29. Qd2 Rc7 30. Kh2 Rce7 31. Qf4 Re6 32. f3 a5 33. Qc7 b4 34. axb4 axb4 35.
Ne2 c3 36. bxc3 bxc3 37. Rc1 c2 38. Rd2 R6e7 39. Qd6 Qxd6 40. Rxd6 Ba4 41. Nc3
Bb3 42. Rb6 Be6 43. Nb5 Rc8 44. f4 Ne8 45. f5 Ba2 46. Na3 Rc3 47. Nb5 Rc5 48.
Na3 Rc3 49. Nb5 Rc5 50. Na3 Rc3 1/2-1/2

[Event "Olimpiade 2014 - Open"]
[Site "Tromsø"]
[Date "11.08.2014"]
[Round "9.14"]
[Board "4"]
[White "Olafsson, Helgi"]
[Black "Nezad, Husein Aziz"]
[Result "1/2-1/2"]
[WhiteTitle "GM"]
[BlackTitle "IM"]
[WhiteElo "2555"]
[BlackElo "2365"]
[WhiteTeam "Iceland"]
[BlackTeam "Qatar"]
[WhiteFideId "2300010"]
[BlackFideId "12100293"]
[EventDate "2014.08.02"]

1. d4 d5 2. c4 c6 3. Nf3 Nf6 4. e3 Bg4 5. Qb3 Qb6 6. Nc3 e6 7. Nh4 Be7 8. h3 Bh5
9. g4 Bg6 10. Nxg6 hxg6 11. Bg2 g5 12. c5 Qc7 13. e4 Nxe4 14. Bxe4 dxe4 15. Nxe4
Nd7 16. Bxg5 Bxg5 17. Nxg5 Nf6 18. O-O-O Rd8 19. Nf3 Qf4+ 20. Qe3 Nd5 21. Qxf4
Nxf4 22. h4 f6 23. Kc2 Kf7 24. Rde1 Nd5 25. a3 Rd7 26. Re4 Rhd8 27. Rhe1 Nc7 28.
a4 a5 29. g5 Rd5 30. Rf4 Rf5 31. Rxf5 exf5 32. g6+ Kxg6 33. Re7 Nd5 34. Rxb7 Re8
35. Kd1 Re4 36. Ra7 Rf4 37. Ke2 Re4+ 38. Kf1 Rf4 39. Ke2 Re4+ 40. Kf1 Rf4 1/2-1/2

[Event "Olimpiade 2014 - Open"]
[Site "Tromsø"]
[Date "11.08.2014"]
[Round "9.15"]
[Board "1"]
[White "Granda Zuniga, Julio E"]
[Black "Le, Quang Liem"]
[Result "1/2-1/2"]
[WhiteTitle "GM"]
[BlackTitle "GM"]
[WhiteElo "2663"]
[BlackElo "2710"]
[WhiteTeam "Peru"]
[BlackTeam "Vietnam"]
[WhiteFideId "3800024"]
[BlackFideId "12401137"]
[EventDate "2014.08.02"]

1. Nf3 d5 2. g3 g6 3. Bg2 Bg7 4. d4 Nf6 5. O-O O-O 6. c4 c6 7. cxd5 cxd5 8. Nc3
Ne4 9. Nxe4 dxe4 10. Ng5 Qxd4 11. Qxd4 Bxd4 12. Rd1 Nc6 13. Bxe4 Bg7 14. Rb1 Bf5
15. Bxf5 gxf5 16. Be3 Rfd8 17. Nf3 b6 18. Rdc1 Rac8 19. b4 e6 20. a4 Ne7 21. Bg5
f6 22. Bd2 Kf7 23. Kf1 Bf8 24. e3 e5 25. Ke2 Ke6 26. Ne1 Nd5 27. Nd3 Bd6 28. b5
h5 29. Rxc8 Rxc8 30. Rc1 Rxc1 31. Nxc1 Nc7 32. Kd3 Kd5 33. Na2 e4+ 34. Kc3 Ne6
35. Nb4+ Bxb4+ 36. Kxb4 Nc5 37. Bc3 Nd3+ 38. Kb3 Nxf2 39. Bxf6 Ng4 40. Bg5 Nxh2
41. Bf4 Ng4 42. Kb4 Ne5 43. Kc3 Nd7 44. Kb4 Nc5 45. Bg5 Ne6 46. Bf6 Nc7 47. Bg5
Ke6 48. Kc4 Nd5 49. Kd4 Nf6 50. Bf4 Nd7 51. Kc4 Ne5+ 52. Kd4 Nd7 53. Kc4 Nc5 54.
a5 Nb7 55. axb6 axb6 56. Bc7 Nd6+ 57. Kb4 Nc8 58. Kc4 Kd7 59. Be5 Nd6+ 60. Kb4
Ke6 61. Bd4 Nc8 62. Kc4 Nd6+ 63. Kb4 f4 64. exf4 Nf5 65. Bxb6 Nxg3 66. Bc5 Kd5
67. Bf2 Nf5 68. Kc3 e3 69. Bg1 h4 70. Kd3 h3 71. b6 Kc6 72. Ke2 Kxb6 73. Kf3 Kc6
74. Bxe3 Nxe3 75. Kg3 Kd5 76. Kxh3 Ke4 77. f5 Nxf5 1/2-1/2

[Event "Olimpiade 2014 - Open"]
[Site "Tromsø"]
[Date "11.08.2014"]
[Round "9.15"]
[Board "2"]
[White "Nguyen, Ngoc Truong Son"]
[Black "Cordova, Emilio"]
[Result "1-0"]
[WhiteTitle "GM"]
[BlackTitle "GM"]
[WhiteElo "2634"]
[BlackElo "2629"]
[WhiteTeam "Vietnam"]
[BlackTeam "Peru"]
[WhiteFideId "12401110"]
[BlackFideId "3801497"]
[EventDate "2014.08.02"]

1. d4 Nf6 2. c4 e6 3. Nc3 Bb4 4. Qc2 O-O 5. a3 Bxc3+ 6. Qxc3 Qe8 7. g3 Ne4 8.
Qc2 f5 9. Bg2 b6 10. Nh3 Bb7 11. O-O c5 12. dxc5 bxc5 13. Be3 Qc8 14. b4 cxb4
15. axb4 Nc6 16. Qb2 a6 17. Rfd1 h6 18. Nf4 Ne7 19. Bd4 Rf7 20. Rac1 Kh7 21. b5
Ng6 22. Nh5 d6 23. Bxg7 e5 24. c5 axb5 25. cxd6 Qe6 26. d7 Qb6 27. Bxe4 fxe4 28.
e3 Rxg7 29. Nxg7 Kxg7 30. Qc3 Rd8 31. Qc7 Qf6 32. Qxb7 Qf3 33. Qc7 1-0

[Event "Olimpiade 2014 - Open"]
[Site "Tromsø"]
[Date "11.08.2014"]
[Round "9.15"]
[Board "3"]
[White "Cori, Jorge"]
[Black "Nguyen, Duc Hoa"]
[Result "0-1"]
[WhiteTitle "GM"]
[BlackTitle "IM"]
[WhiteElo "2630"]
[BlackElo "2501"]
[WhiteTeam "Peru"]
[BlackTeam "Vietnam"]
[WhiteFideId "3802272"]
[BlackFideId "12401358"]
[EventDate "2014.08.02"]

1. d4 d5 2. Nf3 Nf6 3. c4 e6 4. Nc3 Be7 5. Bg5 h6 6. Bh4 O-O 7. e3 Ne4 8. Bxe7
Qxe7 9. Rc1 Nxc3 10. Rxc3 c6 11. Qb3 Nd7 12. Qa3 Qxa3 13. Rxa3 dxc4 14. Bxc4 Re8
15. Ke2 e5 16. Rd1 e4 17. Nd2 b5 18. Bb3 a5 19. Ke1 b4 20. Ra4 Nb6 21. Rc1 Be6
22. Rc5 Bxb3 23. axb3 Nxa4 24. bxa4 Ra6 25. Nb3 f6 26. Kd2 Rea8 27. Rf5 R6a7 28.
Rc5 Ra6 29. Rf5 R6a7 30. h4 Kf7 31. g4 Rd8 32. Rf4 Rd5 33. Rxe4 g5 34. hxg5 hxg5
35. Ke2 Ra8 36. Kf3 Rh8 37. Kg2 Rh4 38. Nc5 Rh8 39. b3 Rh4 40. f3 Rd8 41. Re6
Rdh8 42. Rxc6 Rh2+ 43. Kg1 Rh1+ 44. Kg2 R8h2+ 45. Kg3 Rh3+ 46. Kg2 R1h2+ 47. Kg1
Rc2 48. Rc7+ Kg6 49. Re7 Rg3+ 50. Kh1 Rxf3 51. Kg1 Rg3+ 0-1

[Event "Olimpiade 2014 - Open"]
[Site "Tromsø"]
[Date "11.08.2014"]
[Round "9.15"]
[Board "4"]
[White "Nguyen, Huynh Minh Huy"]
[Black "Cruz, Cristhian"]
[Result "1-0"]
[WhiteTitle "IM"]
[BlackTitle "GM"]
[WhiteElo "2507"]
[BlackElo "2553"]
[WhiteTeam "Vietnam"]
[BlackTeam "Peru"]
[WhiteFideId "12401269"]
[BlackFideId "3801969"]
[EventDate "2014.08.02"]

1. d4 e6 2. c4 Nf6 3. Nc3 Bb4 4. Nf3 b6 5. Qc2 Bb7 6. a3 Bxc3+ 7. Qxc3 h6 8. e3
d6 9. b4 Nbd7 10. Bb2 O-O 11. Be2 Qe7 12. O-O Ne4 13. Qc2 c5 14. Rfd1 f5 15.
dxc5 bxc5 16. Nd2 Ng5 17. f3 a5 18. b5 a4 19. f4 Nf7 20. Rac1 e5 21. Nf1 g6 22.
Bd3 Nf6 23. Re1 Rfe8 24. Bc3 Ne4 25. Bxe4 Bxe4 26. Qd2 Rad8 27. Ng3 Ba8 28. e4
exf4 29. Qxf4 Ng5 30. exf5 Qb7 31. Rxe8+ Rxe8 32. Rc2 Qxg2+ 33. Rxg2 Nh3+ 34.
Kf1 Bxg2+ 35. Kxg2 Nxf4+ 36. Kf3 Nd3 37. Ne4 Ne5+ 38. Bxe5 Rxe5 39. Nxd6 Re7 40.
b6 Rd7 41. b7 Rd8 42. fxg6 1-0

[Event "Olimpiade 2014 - Open"]
[Site "Tromsø"]
[Date "11.08.2014"]
[Round "9.16"]
[Board "1"]
[White "Kasimdzhanov, Rustam"]
[Black "Nyback, Tomi"]
[Result "1/2-1/2"]
[WhiteTitle "GM"]
[BlackTitle "GM"]
[WhiteElo "2700"]
[BlackElo "2591"]
[WhiteTeam "Uzbekistan"]
[BlackTeam "Finland"]
[WhiteFideId "14200244"]
[BlackFideId "503142"]
[EventDate "2014.08.02"]

1. d4 d5 2. c4 c6 3. Nf3 Nf6 4. Nc3 dxc4 5. a4 Bf5 6. e3 e6 7. Bxc4 Bb4 8. O-O
Nbd7 9. Qe2 Bg6 10. e4 O-O 11. Bd3 Bh5 12. e5 Nd5 13. Nxd5 cxd5 14. Qe3 Re8 15.
Bd2 Qa5 16. Qe1 Bxd2 17. Qxd2 Qd8 18. Ng5 Bg6 19. Be2 Nb8 20. a5 Nc6 21. f4 Rc8
22. Rfc1 f6 23. Nh3 Rf8 24. a6 Qb6 25. axb7 Rb8 26. Rc5 Qxb7 27. Bb5 Ne7 28.
exf6 gxf6 29. Qe2 Bf7 30. g4 a6 31. Rxa6 Rfc8 32. Bd3 Rxc5 33. dxc5 Qb4 34. Qf2
Rc8 35. Rb6 Qxc5 36. Qxc5 Rxc5 37. f5 exf5 38. gxf5 d4 39. Rxf6 Bc4 40. b4 Rc8
41. Bxc4+ Rxc4 42. Nf4 Rxb4 43. Ne6 Rb8 44. Nxd4 Rd8 45. Ne6 Re8 46. Ng5 Rf8 47.
Rxf8+ Kxf8 48. Nxh7+ Kf7 1/2-1/2

[Event "Olimpiade 2014 - Open"]
[Site "Tromsø"]
[Date "11.08.2014"]
[Round "9.16"]
[Board "2"]
[White "Karttunen, Mika"]
[Black "Filippov, Anton UZB"]
[Result "0-1"]
[WhiteTitle "IM"]
[BlackTitle "GM"]
[WhiteElo "2437"]
[BlackElo "2615"]
[WhiteTeam "Finland"]
[BlackTeam "Uzbekistan"]
[WhiteFideId "502081"]
[BlackFideId "14200988"]
[EventDate "2014.08.02"]

1. c4 e5 2. g3 Nf6 3. Bg2 Nc6 4. Nc3 Bc5 5. a3 a6 6. e3 d6 7. Nge2 Ba7 8. d4
exd4 9. exd4 O-O 10. h3 h6 11. O-O Ne7 12. b4 c6 13. a4 Be6 14. d5 cxd5 15. cxd5
Bf5 16. g4 Bh7 17. Kh2 Ng6 18. f4 Rc8 19. Qe1 Rc4 20. b5 Re8 21. Qg3 Qa5 22. f5
Ne5 23. Rf4 Rxf4 24. Bxf4 Bf2 25. Qxf2 Nfxg4+ 26. hxg4 Nxg4+ 27. Kg1 Nxf2 28.
Kxf2 Bxf5 29. Be3 Qd8 30. Rh1 Bg4 31. Bd4 Qg5 32. Re1 h5 33. Bb6 h4 34. Rf1 h3
35. Bh1 Qh4+ 36. Ng3 Qf6+ 0-1

[Event "Olimpiade 2014 - Open"]
[Site "Tromsø"]
[Date "11.08.2014"]
[Round "9.16"]
[Board "3"]
[White "Dzhumaev, Marat"]
[Black "Sipila, Vilka"]
[Result "1-0"]
[WhiteTitle "GM"]
[BlackTitle "IM"]
[WhiteElo "2510"]
[BlackElo "2425"]
[WhiteTeam "Uzbekistan"]
[BlackTeam "Finland"]
[WhiteFideId "14200236"]
[BlackFideId "505455"]
[EventDate "2014.08.02"]

1. e4 d6 2. d4 Nf6 3. Nc3 g6 4. Bg5 c6 5. Qd2 b5 6. e5 b4 7. exf6 bxc3 8. Qxc3
exf6 9. Bf4 d5 10. Qd2 Be6 11. Bd3 Nd7 12. Ne2 Bg7 13. O-O O-O 14. Bh6 Bxh6 15.
Qxh6 Qb6 16. b3 c5 17. c3 a5 18. Rfe1 a4 19. Nf4 f5 20. bxa4 cxd4 21. Rab1 Qa7
22. g4 Kh8 23. Rxe6 fxe6 24. Nxg6+ Kg8 25. Ne7+ Kh8 26. Ng6+ Kg8 27. Nxf8 Nxf8
28. gxf5 dxc3 29. Kh1 exf5 30. Qc6 Qxa4 31. Qxd5+ Kg7 32. Rb7+ Kh6 33. Qxf5 Qc6+
34. Be4 Qd6 35. h4 c2 36. Qxh7+ Nxh7 37. Rxh7# 1-0

[Event "Olimpiade 2014 - Open"]
[Site "Tromsø"]
[Date "11.08.2014"]
[Round "9.16"]
[Board "4"]
[White "Ebeling, Daniel"]
[Black "Vakhidov, Jahongir"]
[Result "0-1"]
[WhiteTitle "FM"]
[BlackTitle "IM"]
[WhiteElo "2445"]
[BlackElo "2471"]
[WhiteTeam "Finland"]
[BlackTeam "Uzbekistan"]
[WhiteFideId "505170"]
[BlackFideId "14201801"]
[EventDate "2014.08.02"]

1. e4 g6 2. d4 Nf6 3. e5 Nh5 4. Be2 d6 5. f4 Ng7 6. Nf3 h5 7. O-O Nf5 8. Na3 Bh6
9. c3 O-O 10. Bd3 c5 11. dxc5 dxc5 12. Qe2 Nc6 13. Nc4 b6 14. Be4 Qc7 15. Ne3 e6
16. Bxf5 exf5 17. Nd5 Qb7 18. Nf6+ Kg7 19. Qf2 Be6 20. Qg3 Kh8 21. Ng5 Qe7 22.
Qh4 Kg7 23. Rf3 Rh8 24. Rg3 Bxg5 25. Qxg5 Kf8 26. Rd3 Rd8 27. Rxd8+ Qxd8 28. Be3
Qd3 29. Qg3 Kg7 30. a3 Ne7 31. Bf2 Qxg3 32. Bxg3 Rd8 33. b4 c4 34. Ra2 Rd1+ 35.
Kf2 Rc1 36. Rd2 Rxc3 37. Rd8 Rc2+ 38. Ke3 g5 39. fxg5 h4 40. Bxh4 f4+ 41. Ke4
Rxg2 42. Re8 Rxh2 43. Nh5+ Kh7 44. Rxe7 Rxh4 45. Nxf4 Kg8 46. g6 Kf8 47. Rxa7
fxg6 48. Ke3 Bf5 49. e6 c3 50. e7+ Kf7 51. Ra8 Kxe7 52. Nd5+ Kd6 53. Nxc3 Kc6
54. Rf8 Rh3+ 55. Kd4 Rd3+ 56. Kc4 Rd6 57. b5+ Kd7 58. Rf7+ Ke8 59. Rc7 Be6+ 60.
Nd5 Rxd5 61. Kb4 g5 62. Rc6 Rxb5+ 63. Kxb5 Bd7 64. Kxb6 Bxc6 65. Kxc6 g4 66. a4
g3 67. a5 g2 68. a6 g1=Q 69. Kb7 Kd7 70. a7 Qb1+ 71. Ka8 Qc2 0-1

[Event "Olimpiade 2014 - Open"]
[Site "Tromsø"]
[Date "11.08.2014"]
[Round "9.18"]
[Board "1"]
[White "Winants, Luc"]
[Black "Saric, Ivan"]
[Result "1/2-1/2"]
[WhiteTitle "GM"]
[BlackTitle "GM"]
[WhiteElo "2545"]
[BlackElo "2671"]
[WhiteTeam "Belgium"]
[BlackTeam "Croatia"]
[WhiteFideId "200018"]
[BlackFideId "14508150"]
[EventDate "2014.08.02"]

1. d4 Nf6 2. Nc3 d5 3. Bf4 c6 4. e3 b5 5. Nf3 e6 6. Bd3 Nbd7 7. O-O Be7 8. Ne5
Nxe5 9. Bxe5 b4 10. Na4 O-O 11. Rc1 Nd7 12. Bg3 c5 13. dxc5 Nxc5 14. Nxc5 Bxc5
15. c3 bxc3 16. Rxc3 Bd6 17. Qc2 g6 18. Bxd6 Qxd6 19. Rc6 Qe5 20. Rc7 a5 21. Qc3
Qxc3 22. bxc3 e5 23. f4 exf4 24. exf4 Be6 25. f5 gxf5 26. Bxf5 Rac8 27. Ra7 Rxc3
28. Rxa5 Rfc8 29. Ra6 R8c6 30. Ra8+ Kg7 31. Ra7 Rc7 32. Ra6 R3c6 33. Ra4 Rc1 34.
Bd3 Rxf1+ 35. Kxf1 Rc1+ 36. Kf2 Ra1 37. Ke3 h6 38. g3 Kf6 39. Kf4 Rd1 40. Ke3
Ke5 41. Rh4 d4+ 42. Ke2 Ra1 43. Rxh6 Bg4+ 44. Kd2 Rxa2+ 45. Ke1 Ra1+ 46. Kd2
Ra2+ 47. Ke1 Ra3 48. Kd2 Ra2+ 1/2-1/2

[Event "Olimpiade 2014 - Open"]
[Site "Tromsø"]
[Date "11.08.2014"]
[Round "9.18"]
[Board "2"]
[White "Stevic, Hrvoje"]
[Black "Michiels, Bart"]
[Result "1/2-1/2"]
[WhiteTitle "GM"]
[BlackTitle "GM"]
[WhiteElo "2606"]
[BlackElo "2535"]
[WhiteTeam "Croatia"]
[BlackTeam "Belgium"]
[WhiteFideId "14502569"]
[BlackFideId "202967"]
[EventDate "2014.08.02"]

1. e4 e6 2. d4 d5 3. e5 c5 4. c3 Nc6 5. Nf3 Bd7 6. Be2 Nge7 7. O-O cxd4 8. cxd4
Nf5 9. Nc3 a6 10. a3 Qb6 11. Be3 Qa7 12. b4 b5 13. Bd3 Nxe3 14. fxe3 Be7 15. Ne2
O-O 16. Nf4 a5 17. Nh5 Be8 18. Qe1 f6 19. exf6 Bxh5 20. fxe7 Nxe7 21. Qh4 Bg6
22. Bxg6 Nxg6 23. Qh5 Qe7 24. Ng5 h6 25. Qxg6 Rxf1+ 26. Rxf1 hxg5 27. bxa5 Rxa5
28. Rc1 Ra8 29. Rc6 Qf7 30. Qxg5 Rxa3 31. Qd8+ Qf8 32. Qxf8+ Kxf8 33. Rxe6 Kf7
34. Re5 b4 35. Kf2 Ra5 36. Ke2 b3 37. Kd3 b2 38. Kc2 Rb5 39. Rf5+ Kg6 40. Rf1
Rb7 41. Rb1 Re7 42. Re1 Rb7 43. Rb1 Re7 44. Kd3 Rb7 45. e4 dxe4+ 46. Kxe4 Kf6
47. h4 Ke6 48. g4 g6 49. h5 gxh5 50. gxh5 Rh7 51. Rxb2 Rxh5 52. d5+ Rxd5 53.
Rb6+ Rd6 54. Rxd6+ Kxd6 1/2-1/2

[Event "Olimpiade 2014 - Open"]
[Site "Tromsø"]
[Date "11.08.2014"]
[Round "9.18"]
[Board "4"]
[White "Kozul, Zdenko"]
[Black "Vandenbussche, Thibaut"]
[Result "1-0"]
[WhiteTitle "GM"]
[BlackTitle "FM"]
[WhiteElo "2608"]
[BlackElo "2411"]
[WhiteTeam "Croatia"]
[BlackTeam "Belgium"]
[WhiteFideId "14502879"]
[BlackFideId "204412"]
[EventDate "2014.08.02"]

1. d4 d6 2. Nf3 Bg4 3. e3 Nd7 4. h3 Bxf3 5. Qxf3 c6 6. c4 g6 7. Nc3 Bg7 8. Bd2
Ngf6 9. g4 e5 10. d5 cxd5 11. cxd5 a6 12. e4 b5 13. h4 h5 14. g5 Nh7 15. Bh3 O-O
16. Rc1 Rc8 17. O-O b4 18. Na4 Rxc1 19. Rxc1 f6 20. Qg2 fxg5 21. hxg5 Nb6 22.
Nxb6 Qxb6 23. b3 Qd4 24. Be3 Qd3 25. Rc4 Qb1+ 26. Qf1 Qxf1+ 27. Kxf1 Rb8 28. Rc7
Rb5 29. Bd7 Rb8 30. Ra7 Kh8 31. Be6 Nf8 32. Bh3 Nh7 33. Rxa6 Bf8 34. Ra7 Re8 35.
Be6 Re7 36. Ra6 Rb7 37. Ra8 Rc7 38. Kg2 Kg7 39. Rb8 Kh8 40. Rxb4 Be7 41. Rb8+ 1-0

[Event "Olimpiade 2014 - Open"]
[Site "Tromsø"]
[Date "11.08.2014"]
[Round "9.19"]
[Board "1"]
[White "Markos, Jan"]
[Black "McNab, Colin A"]
[Result "1-0"]
[WhiteTitle "GM"]
[BlackTitle "GM"]
[WhiteElo "2602"]
[BlackElo "2441"]
[WhiteTeam "Slovakia"]
[BlackTeam "Scotland"]
[WhiteFideId "14903474"]
[BlackFideId "2400030"]
[EventDate "2014.08.02"]

1. d4 d6 2. Nf3 g6 3. c4 Bg7 4. Nc3 e5 5. e4 Nc6 6. Bg5 f6 7. Be3 Nh6 8. c5 Ng4
9. cxd6 Nxe3 10. fxe3 cxd6 11. Bc4 Bh6 12. Qd3 Kf8 13. O-O Kg7 14. Rab1 Rf8 15.
b4 Bg4 16. b5 Na5 17. Bd5 Rc8 18. Nd2 f5 19. Nf3 Qc7 20. Rbc1 fxe4 21. Nxe4 Qb6
22. Rxc8 Bxc8 23. Nfg5 Bxg5 24. Nxg5 Rf5 25. Rc1 Bd7 26. Ne6+ Kf6 27. Nc7 Kg7
28. Be6 Bxe6 29. Nxe6+ Kf6 30. d5 a6 31. Qe4 Kf7 32. Rc7+ Ke8 33. Ng7+ Kd8 34.
Ne6+ Ke8 35. Rc8+ Kd7 36. Rd8+ Ke7 37. Qh4+ g5 38. Qxh7+ Rf7 39. Rd7+ 1-0

[Event "Olimpiade 2014 - Open"]
[Site "Tromsø"]
[Date "11.08.2014"]
[Round "9.19"]
[Board "2"]
[White "Greet, Andrew N"]
[Black "Ftacnik, Lubomir"]
[Result "1-0"]
[WhiteTitle "IM"]
[BlackTitle "GM"]
[WhiteElo "2431"]
[BlackElo "2571"]
[WhiteTeam "Scotland"]
[BlackTeam "Slovakia"]
[WhiteFideId "405817"]
[BlackFideId "14900017"]
[EventDate "2014.08.02"]

1. d4 Nf6 2. c4 g6 3. g3 Bg7 4. Bg2 d5 5. cxd5 Nxd5 6. Nf3 Nb6 7. Nc3 Nc6 8. e3
O-O 9. O-O Re8 10. Re1 a5 11. Qe2 e5 12. Nxe5 Nxe5 13. dxe5 Bxe5 14. e4 Be6 15.
f4 Bxc3 16. bxc3 Bd5 17. Qf2 Bc6 18. Ba3 Na4 19. Rad1 Qf6 20. Qd4 Qxd4+ 21. cxd4
b5 22. Rc1 Ra6 23. Bf1 Rc8 24. d5 Bd7 25. Bc5 c6 26. d6 Raa8 27. e5 b4 28. Red1
Be6 29. Rd2 Nxc5 30. Rxc5 a4 31. Bc4 Bxc4 32. Rxc4 Rab8 33. Kf2 Kf8 34. Ke3 Rb5
35. Rb2 c5 36. Ke4 h5 37. h3 Ke8 38. g4 a3 39. Rb3 hxg4 40. hxg4 Kd7 41. Kd5 Rh8
42. Rxc5 Rb7 43. Rc4 Rh2 44. Rcxb4 Rxb4 45. Rxb4 Rd2+ 46. Kc4 Rxa2 47. Rb7+ Kc6
48. Rxf7 Rf2 49. Rc7+ Kb6 50. Kd5 a2 51. Rc1 Rxf4 52. d7 1-0

[Event "Olimpiade 2014 - Open"]
[Site "Tromsø"]
[Date "11.08.2014"]
[Round "9.19"]
[Board "3"]
[White "Michalik, Peter"]
[Black "Shaw, John"]
[Result "1/2-1/2"]
[WhiteTitle "GM"]
[BlackTitle "GM"]
[WhiteElo "2586"]
[BlackElo "2419"]
[WhiteTeam "Slovakia"]
[BlackTeam "Scotland"]
[WhiteFideId "14907526"]
[BlackFideId "2400553"]
[EventDate "2014.08.02"]

1. d4 d5 2. c4 dxc4 3. Nf3 Nf6 4. e3 b5 5. a4 b4 6. Bxc4 e6 7. O-O Be7 8. Nbd2
Bb7 9. Re1 O-O 10. e4 Nbd7 11. e5 Nd5 12. Ne4 c5 13. Bg5 N5b6 14. Bb5 Bxe4 15.
Bxe7 Bxf3 16. Bxd8 Bxd1 17. Bxb6 Bxa4 18. Bxd7 Bxd7 19. Bxc5 Rfb8 20. Bxa7 Rc8
21. Bc5 b3 22. Rac1 Bc6 23. f3 Bd5 24. Kf2 h6 25. Ke3 Kh7 26. h4 Ra4 27. Kd3
Raa8 28. h5 Ra4 29. Rg1 Rc7 30. Ke3 Rc4 31. Rxc4 Bxc4 32. g4 Bd5 33. f4 Rc8 34.
f5 Ra8 35. f6 g6 36. hxg6+ Kxg6 37. Bb4 Rc8 38. Bc3 Kg5 39. Kf2 Kf4 40. Rg3 Ke4
41. Ke2 Kf4 42. Kf2 Ke4 43. Ke2 Kf4 44. Kf2 1/2-1/2